| 000 | 00676cam a2200217 a 4500 | ||
|---|---|---|---|
| 001 | 000009088 | ||
| 005 | 20200929161502.0 | ||
| 008 | 960709s1996 sp 000 f spa | ||
| 020 | _a8420482056 | ||
| 040 |
_aDO-SdBNP _cDLC _dDLC |
||
| 082 |
_aCu863.44 _bC117e |
||
| 100 | 1 |
_aCabrera Infante, G. _q(Guillermo Cabrera Infante), _d1929- _923737 |
|
| 245 | 1 | 0 |
_aElla cantaba boleros / _cG. Cabrera Infante. |
| 246 | 1 | 5 | _aElla cantaba boleros y La amazona |
| 260 |
_aMadrid : _bSantillana, _cc1996. |
||
| 300 |
_a309 p. ; _c22 cm. |
||
| 650 | 4 |
_aNovela cubana _92316 |
|
| 650 | 4 |
_aLiteratura cubana _ySIGLO XX _99186 |
|
| 740 | 0 | 2 | _aAmazona. |
| 910 | _aCatalogación por copia / LC | ||
| 999 |
_c8852 _d8852 |
||